| 000 | 00897nam a2200229 i 4500 | ||
|---|---|---|---|
| 001 | 73027 | ||
| 003 | ES-MaACL | ||
| 005 | 20250402115634.0 | ||
| 007 | t| | ||
| 008 | 040906s1922 sp ||||1| spa d | ||
| 100 | 0 |
_aAndrenio, _d1866-1929 _957888 |
|
| 245 | 1 | 3 |
_aEl colapso de la opinión liberal en España _b: conferencia pronunciada el 18 de noviembre de 1922 / _cpor Eduardo Gómez de Vaquero. |
| 260 |
_aMadrid : _b[s.n.], _c1922 ( _fGráf. "Ambos Mundos") |
||
| 300 |
_a24 p. ; _c22 cm. |
||
| 530 | _aDisponible en formato digital. | ||
| 594 | _aPrecede al tít.: Juventud de la Izquierda Liberal. | ||
| 650 | 0 | 4 |
_aLiberalismo- _zEspaña- _vHistoria. _914389 |
| 852 |
_aES-MaACL _j1643-F-16 _975756 _cDEPOF _zRevisado enlace: 02 de Abril 2025 |
||
| 856 |
_uhttp://bdh-rd.bne.es/viewer.vm?id=0000190939&page=1 _yBiblioteca Digital Hispánica |
||
| 942 | _2udc | ||
| 999 |
_c73027 _d73027 |
||